01722cam a22002895a 45000010009000000050017000090080041000260100017000670200036000840400028001200820021001481000031001692450065002002500026002652600058002913000034003494900035003835000024004185040031004425200716004736500029011896510010012186530021012289420008012499990017012579520158012741721639220160403143153.0120319s2011 enka frb 001 0 eng d a 2012357011 a9780199603947 (acid-free paper) aDLCbengcDLCdEG-ScBUE04a303.625bTOW2221 aTownshend, Charles.93974810aTerrorism :ba very short introduction /cCharles Townshend. aFully updated new ed. aOxford ;aNew York :bOxford University Press,c2011. axii, 161 p. :bill. ;c18 cm.0 aVery short introductions ;v78 aIndex : p. 155-161. aBibliography : p. 145-154. aThis book charts a path through the outpouring of efforts to understand and explain modern terrorism, by asking what makes terrorism different from other forms of political, military action; what makes it effective; and what can be done about it. It unravels complex central questions such as whether terrorists are criminals, whether terrorism is a kind of war, what kind of threat terrorism represents, how far media publicity sustains terrorism, and whether democracy is especially vulnerable to terrorist attack. It examines the historical, ideological, and local roots of terrorist violence, and the success of specific terrorist and anti-terrorist campaigns in the more distant as well as the recent past. 7aTerrorism.2BUEsh939744 2BUEsh bEEENGcMarch2016 2ddc c21562d21534 00102ddc40708Modern A. aMAINbMAINc1STd2016-04-03ePurchaseg84.00h229l2m8o303.625 TOWp000032247r2025-07-15 00:00:00s2018-11-03v105.00yBB